000 00570nam a2200121 a 4500
008 120416s2003 ||||||||||||||||| || u
050 _aTHESIS/STUDENT
100 _aMutale, Lawrence Punda
245 1 3 _aAn assessment of the relationship between Zambia's external debt and the Zambian construction industry
260 _aKitwe
_bCopperbelt University, School of Built Environment, Department of Building
_c2003
350 _a0.00
995 _D0.00
_FCBU-MAIN LIBRARY (Kitwe)
_H1
_I0.00
_UAVAILABLE
_ZUniversity Collection
999 _c35160
_d35160